[Event "Team Championship of Russia (rapid)"]
[Site "Sochi"]
[Date "2015.05.09"]
[Round "8.13"]
[White "Korobov, Anton"]
[Black "Sjugirov, Sanan"]
[Result "0-1"]
[LiveChessVersion "1.4.4"]
[BlackElo "2721"]
[WhiteElo "2660"]
[BlackTeam "Zhiguli"]
[WhiteTeam "Siberia"]

1. d4 {[%clk 0:15:17]} Nf6 {[%clk 0:14:59]} 2. c4 {[%clk 0:15:25]} e6
{[%clk 0:15:08]} 3. Nf3 {[%clk 0:15:33]} d5 {[%clk 0:15:15]} 4. Nc3
{[%clk 0:15:41]} c6 {[%clk 0:15:23]} 5. Bg5 {[%clk 0:15:45]} dxc4
{[%clk 0:15:24]} 6. a4 {[%clk 0:15:52]} b5 {[%clk 0:15:23]} 7. axb5
{[%clk 0:15:56]} cxb5 {[%clk 0:15:31]} 8. Nxb5 {[%clk 0:16:04]} Qb6
{[%clk 0:15:32]} 9. Nc3 {[%clk 0:16:12]} Qxb2 {[%clk 0:15:20]} 10. Bd2
{[%clk 0:16:21]} Nd5 {[%clk 0:14:35]} 11. Nxd5 {[%clk 0:14:19]} exd5
{[%clk 0:14:44]} 12. Rb1 {[%clk 0:14:27]} Qa3 {[%clk 0:14:33]} 13. e4
{[%clk 0:14:35]} Bd6 {[%clk 0:09:24]} 14. exd5 {[%clk 0:13:18]} O-O
{[%clk 0:09:15]} 15. Bxc4 {[%clk 0:12:29]} Re8+ {[%clk 0:09:20]} 16. Ne5
{[%clk 0:08:20]} Bxe5 {[%clk 0:08:51]} 17. O-O {[%clk 0:08:01]} Bxh2+
{[%clk 0:05:25]} 18. Kxh2 {[%clk 0:08:07]} Qd6+ {[%clk 0:05:28]} 19. g3
{[%clk 0:07:46]} Bf5 {[%clk 0:05:16]} 20. Bf4 {[%clk 0:06:51]} Qg6
{[%clk 0:05:24]} 21. Rb7 {[%clk 0:06:13]} Nd7 {[%clk 0:05:20]} 22. d6
{[%clk 0:06:13]} Re4 {[%clk 0:04:14]} 23. Qd2 {[%clk 0:05:12]} Be6
{[%clk 0:01:05]} 24. Bxe6 {[%clk 0:04:01]} Qxe6 {[%clk 0:01:14]} 25. d5
{[%clk 0:03:46]} Qf5 {[%clk 0:01:21]} 26. f3 {[%clk 0:03:29]} Rc4
{[%clk 0:00:58]} 27. Rc1 {[%clk 0:03:24]} Rxc1 {[%clk 0:00:27]} 28. Qxc1
{[%clk 0:03:33]} Nf6 {[%clk 0:00:26]} 29. Qc7 {[%clk 0:02:53]} Rf8
{[%clk 0:00:34]} 30. d7 {[%clk 0:02:52]} Qxd5 {[%clk 0:00:37]} 31. Qd6
{[%clk 0:01:59]} Qa2+ {[%clk 0:00:11]} 32. Kh3 {[%clk 0:02:07]} Nxd7
{[%clk 0:00:14]} 33. Rxd7 {[%clk 0:02:11]} Qb1 {[%clk 0:00:16]} 34. Rd8
{[%clk 0:02:05]} Qh1+ {[%clk 0:00:24]} 35. Kg4 {[%clk 0:02:11]} f5+
{[%clk 0:00:32]} 0-1

[Event "Team Championship of Russia (rapid)"]
[Site "Sochi"]
[Date "2015.05.09"]
[Round "8.14"]
[White "Bukavshin, Ivan"]
[Black "Kokarev, Dmitry"]
[Result "1-0"]
[LiveChessVersion "1.4.4"]
[BlackElo "2608"]
[WhiteElo "2667"]
[BlackTeam "Siberia"]
[WhiteTeam "Zhiguli"]

1. d4 {[%clk 0:15:17]} Nf6 {[%clk 0:15:18]} 2. c4 {[%clk 0:15:25]} g6
{[%clk 0:15:26]} 3. Nc3 {[%clk 0:15:33]} Bg7 {[%clk 0:15:34]} 4. e4
{[%clk 0:15:40]} d6 {[%clk 0:15:42]} 5. Be2 {[%clk 0:15:45]} O-O {[%clk 0:15:48]}
6. Nf3 {[%clk 0:15:53]} c6 {[%clk 0:15:51]} 7. O-O {[%clk 0:15:31]} e5
{[%clk 0:15:59]} 8. Qc2 {[%clk 0:15:28]} Qe7 {[%clk 0:15:38]} 9. Rd1
{[%clk 0:15:30]} exd4 {[%clk 0:15:30]} 10. Nxd4 {[%clk 0:15:37]} Re8
{[%clk 0:15:39]} 11. f3 {[%clk 0:14:55]} Nh5 {[%clk 0:15:34]} 12. Bf1
{[%clk 0:13:39]} Nd7 {[%clk 0:15:25]} 13. Be3 {[%clk 0:13:25]} f5
{[%clk 0:15:15]} 14. Bf2 {[%clk 0:12:26]} f4 {[%clk 0:15:22]} 15. Rd2
{[%clk 0:11:24]} Be5 {[%clk 0:14:30]} 16. Rad1 {[%clk 0:10:30]} Ndf6
{[%clk 0:14:12]} 17. Nb3 {[%clk 0:10:18]} g5 {[%clk 0:14:04]} 18. c5
{[%clk 0:10:13]} dxc5 {[%clk 0:14:11]} 19. Bxc5 {[%clk 0:10:08]} Qg7
{[%clk 0:14:16]} 20. Bd6 {[%clk 0:09:53]} Nd7 {[%clk 0:13:46]} 21. Na5
{[%clk 0:08:53]} Bxd6 {[%clk 0:13:37]} 22. Rxd6 {[%clk 0:09:02]} Ne5
{[%clk 0:13:45]} 23. Qb3+ {[%clk 0:08:41]} Qf7 {[%clk 0:11:31]} 24. Nc4
{[%clk 0:07:10]} Be6 {[%clk 0:11:28]} 25. Nxe5 {[%clk 0:06:18]} Bxb3
{[%clk 0:11:35]} 26. Nxf7 {[%clk 0:06:27]} Bxf7 {[%clk 0:11:35]} 27. h4
{[%clk 0:06:28]} gxh4 {[%clk 0:11:28]} 28. Kh2 {[%clk 0:06:35]} Ng3
{[%clk 0:10:25]} 29. Kh3 {[%clk 0:06:34]} Re5 {[%clk 0:10:23]} 30. b3
{[%clk 0:05:44]} Rc5 {[%clk 0:09:13]} 31. Ne2 {[%clk 0:05:14]} Nxe2
{[%clk 0:07:24]} 32. Bxe2 {[%clk 0:05:23]} Re8 {[%clk 0:06:21]} 33. Kxh4
{[%clk 0:04:38]} Ree5 {[%clk 0:06:00]} 34. g4 {[%clk 0:03:50]} fxg3
{[%clk 0:02:35]} 35. Kxg3 {[%clk 0:03:58]} Rc2 {[%clk 0:02:32]} 36. R1d2
{[%clk 0:03:54]} Rg5+ {[%clk 0:02:38]} 37. Kf2 {[%clk 0:03:59]} Rgc5
{[%clk 0:02:35]} 38. Bd1 {[%clk 0:03:28]} Rxd2+ {[%clk 0:02:41]} 39. Rxd2
{[%clk 0:03:36]} a5 {[%clk 0:02:36]} 40. f4 {[%clk 0:03:33]} Rc3 {[%clk 0:02:36]}
41. Rd8+ {[%clk 0:03:24]} Kg7 {[%clk 0:02:44]} 42. Rd7 {[%clk 0:03:33]} Kf8
{[%clk 0:02:26]} 43. f5 {[%clk 0:03:31]} b5 {[%clk 0:02:22]} 44. Bf3
{[%clk 0:03:08]} a4 {[%clk 0:01:23]} 45. bxa4 {[%clk 0:02:37]} bxa4
{[%clk 0:01:29]} 46. Ra7 {[%clk 0:02:28]} Bxa2 {[%clk 0:00:51]} 47. Rxa4
{[%clk 0:02:34]} Bb1 {[%clk 0:00:59]} 48. Ra7 {[%clk 0:02:12]} Rb3
{[%clk 0:00:31]} 49. Rxh7 {[%clk 0:02:11]} c5 {[%clk 0:00:29]} 50. Rc7
{[%clk 0:02:19]} Bd3 {[%clk 0:00:14]} 51. f6 {[%clk 0:02:10]} Bxe4
{[%clk 0:00:11]} 52. Bxe4 {[%clk 0:01:55]} Rb6 {[%clk 0:00:20]} 53. Bc6
{[%clk 0:02:04]} c4 {[%clk 0:00:29]} 54. f7 {[%clk 0:01:28]} Rb2+
{[%clk 0:00:35]} 55. Ke3 {[%clk 0:01:32]} Rb3+ {[%clk 0:00:44]} 56. Kd4
{[%clk 0:01:34]} Rd3+ {[%clk 0:00:52]} 57. Ke4 1-0

[Event "Team Championship of Russia (rapid)"]
[Site "Sochi"]
[Date "2015.05.09"]
[Round "8.15"]
[White "Bocharov, Dmitry"]
[Black "Frolyanov, Dmitry"]
[Result "0-1"]
[LiveChessVersion "1.4.4"]
[BlackElo "2614"]
[WhiteElo "2553"]
[WhiteTeam "Siberia"]

1. Nf3 {[%clk 0:15:14]} d5 {[%clk 0:15:18]} 2. e3 {[%clk 0:15:20]} Nf6
{[%clk 0:15:23]} 3. b3 {[%clk 0:15:24]} e6 {[%clk 0:15:27]} 4. Bb2
{[%clk 0:15:31]} Be7 {[%clk 0:15:35]} 5. g3 {[%clk 0:15:18]} O-O {[%clk 0:15:39]}
6. Bg2 {[%clk 0:15:27]} c5 {[%clk 0:15:46]} 7. O-O {[%clk 0:15:34]} Nc6
{[%clk 0:15:51]} 8. c4 {[%clk 0:15:43]} b6 {[%clk 0:15:45]} 9. Qe2
{[%clk 0:15:50]} Bb7 {[%clk 0:15:46]} 10. Nc3 {[%clk 0:15:58]} dxc4
{[%clk 0:15:40]} 11. bxc4 {[%clk 0:16:05]} Qc7 {[%clk 0:15:38]} 12. Ne1
{[%clk 0:16:02]} a6 {[%clk 0:14:43]} 13. f4 {[%clk 0:16:06]} Na7 {[%clk 0:14:46]}
14. a4 {[%clk 0:16:03]} Bxg2 {[%clk 0:14:36]} 15. Qxg2 {[%clk 0:16:11]} Qc6
{[%clk 0:14:26]} 16. Nf3 {[%clk 0:14:18]} Rab8 {[%clk 0:13:10]} 17. g4
{[%clk 0:12:49]} Qb7 {[%clk 0:12:32]} 18. g5 {[%clk 0:11:52]} Ne4
{[%clk 0:12:15]} 19. Ne5 {[%clk 0:07:41]} Nxc3 {[%clk 0:12:18]} 20. Bxc3
{[%clk 0:07:49]} b5 {[%clk 0:10:36]} 21. e4 {[%clk 0:06:03]} b4 {[%clk 0:10:29]}
22. Bb2 {[%clk 0:06:11]} Nc6 {[%clk 0:08:44]} 23. Ng4 {[%clk 0:06:03]} Nd4
{[%clk 0:08:40]} 24. h4 {[%clk 0:05:21]} Kh8 {[%clk 0:08:20]} 25. Rae1
{[%clk 0:04:55]} f6 {[%clk 0:06:27]} 26. d3 {[%clk 0:04:05]} Rbd8
{[%clk 0:06:29]} 27. Kh1 {[%clk 0:03:37]} f5 {[%clk 0:06:25]} 28. exf5
{[%clk 0:03:06]} Qxg2+ {[%clk 0:06:23]} 29. Kxg2 {[%clk 0:03:15]} Nxf5
{[%clk 0:06:24]} 30. Ne5 {[%clk 0:02:16]} Nxh4+ {[%clk 0:06:26]} 31. Kh2
{[%clk 0:02:13]} Bd6 {[%clk 0:06:21]} 32. Kh3 {[%clk 0:02:01]} Bxe5
{[%clk 0:05:54]} 33. Bxe5 {[%clk 0:01:58]} Ng6 {[%clk 0:05:47]} 34. Rf3
{[%clk 0:01:55]} Kg8 {[%clk 0:05:24]} 35. Kg3 {[%clk 0:01:58]} Nxe5
{[%clk 0:05:19]} 36. Rxe5 {[%clk 0:02:06]} b3 {[%clk 0:05:24]} 37. Re2
{[%clk 0:00:41]} Rb8 {[%clk 0:05:20]} 38. Rb2 {[%clk 0:00:47]} Rfd8
{[%clk 0:05:28]} 39. Re3 {[%clk 0:00:49]} Kf7 {[%clk 0:05:02]} 40. a5
{[%clk 0:00:57]} h6 {[%clk 0:04:14]} 41. Kg4 {[%clk 0:01:02]} Rb4
{[%clk 0:03:33]} 42. Re5 {[%clk 0:00:59]} hxg5 {[%clk 0:03:30]} 43. Rxg5
{[%clk 0:01:03]} Rxd3 {[%clk 0:03:24]} 44. Rxc5 {[%clk 0:01:10]} Rd4
{[%clk 0:03:23]} 45. Rc6 {[%clk 0:00:21]} Rdxc4 {[%clk 0:03:25]} 46. Rxc4
{[%clk 0:00:25]} Rxc4 {[%clk 0:03:34]} 47. Rxb3 {[%clk 0:00:34]} Ra4
{[%clk 0:03:33]} 48. Rb6 {[%clk 0:00:22]} Rxa5 {[%clk 0:03:41]} 49. Rc6
{[%clk 0:00:27]} Kf6 {[%clk 0:03:37]} 50. Rb6 {[%clk 0:00:36]} Ra1
{[%clk 0:03:34]} 51. Rc6 {[%clk 0:00:42]} a5 {[%clk 0:03:39]} 52. Ra6
{[%clk 0:00:49]} g6 {[%clk 0:03:40]} 53. Ra8 {[%clk 0:00:55]} a4 {[%clk 0:03:43]}
54. Kf3 {[%clk 0:01:01]} a3 {[%clk 0:03:49]} 55. Rf8+ {[%clk 0:01:08]} Ke7
{[%clk 0:03:46]} 56. Ra8 {[%clk 0:01:10]} a2 {[%clk 0:03:54]} 57. Kg2
{[%clk 0:01:18]} Kd6 {[%clk 0:04:01]} 58. Kh2 {[%clk 0:01:26]} Kc5
{[%clk 0:04:03]} 59. Kg2 {[%clk 0:01:33]} Kd4 {[%clk 0:04:10]} 60. Ra3
{[%clk 0:01:33]} Ke4 {[%clk 0:04:12]} 61. Ra4+ {[%clk 0:01:40]} Ke3
{[%clk 0:04:20]} 62. Kh2 {[%clk 0:01:49]} Kf3 {[%clk 0:04:27]} 0-1

[Event "Team Championship of Russia (rapid)"]
[Site "Sochi"]
[Date "2015.05.09"]
[Round "8.16"]
[White "Predke, Alexandr"]
[Black "Maletin, Pavel"]
[Result "1-0"]
[LiveChessVersion "1.4.4"]
[BlackElo "2540"]
[WhiteElo "2566"]
[BlackTeam "Siberia"]
[WhiteTeam "Zhiguli"]

1. e4 {[%clk 0:15:18]} c5 {[%clk 0:15:19]} 2. Nf3 {[%clk 0:15:26]} e6
{[%clk 0:15:28]} 3. d4 {[%clk 0:15:35]} cxd4 {[%clk 0:15:37]} 4. Nxd4
{[%clk 0:15:45]} Nc6 {[%clk 0:15:46]} 5. Nc3 {[%clk 0:15:54]} Qc7
{[%clk 0:15:54]} 6. Be3 {[%clk 0:16:00]} a6 {[%clk 0:16:02]} 7. Qd2
{[%clk 0:16:02]} Nf6 {[%clk 0:16:11]} 8. f4 {[%clk 0:16:10]} Bb4 {[%clk 0:15:51]}
9. Bd3 {[%clk 0:16:17]} Na5 {[%clk 0:15:58]} 10. a3 {[%clk 0:16:20]} Bxc3
{[%clk 0:16:04]} 11. Qxc3 {[%clk 0:16:28]} Qxc3+ {[%clk 0:16:12]} 12. bxc3
{[%clk 0:16:36]} d5 {[%clk 0:16:22]} 13. e5 {[%clk 0:16:43]} Ne4 {[%clk 0:16:29]}
14. Nb3 {[%clk 0:16:48]} Nc4 {[%clk 0:16:38]} 15. Bxc4 {[%clk 0:16:49]} dxc4
{[%clk 0:16:44]} 16. Na5 {[%clk 0:16:58]} Bd7 {[%clk 0:16:51]} 17. Bd4
{[%clk 0:16:58]} Rc8 {[%clk 0:13:06]} 18. Nxb7 {[%clk 0:17:01]} Bc6
{[%clk 0:13:12]} 19. Na5 {[%clk 0:16:18]} Bd5 {[%clk 0:13:21]} 20. Rb1
{[%clk 0:16:27]} f5 {[%clk 0:13:06]} 21. Nb7 {[%clk 0:15:00]} Kd7
{[%clk 0:08:56]} 22. Nd6 {[%clk 0:14:35]} Nxd6 {[%clk 0:07:52]} 23. exd6
{[%clk 0:14:43]} Kxd6 {[%clk 0:07:56]} 24. Kf2 {[%clk 0:13:26]} Rhg8
{[%clk 0:07:49]} 25. h4 {[%clk 0:11:44]} Kd7 {[%clk 0:07:55]} 26. Be5
{[%clk 0:11:23]} Rc5 {[%clk 0:05:46]} 27. Rb6 {[%clk 0:11:31]} Ra8
{[%clk 0:05:22]} 28. a4 {[%clk 0:10:22]} Be4 {[%clk 0:03:51]} 29. Rd1+
{[%clk 0:09:50]} Rd5 {[%clk 0:03:02]} 30. Rb7+ {[%clk 0:09:46]} Ke8
{[%clk 0:03:08]} 31. Rxd5 {[%clk 0:09:31]} Bxd5 {[%clk 0:01:57]} 32. Rxg7
{[%clk 0:09:39]} h5 {[%clk 0:02:06]} 33. Rh7 {[%clk 0:09:06]} a5 {[%clk 0:01:56]}
34. Rxh5 {[%clk 0:09:13]} Kf7 {[%clk 0:02:05]} 35. Rh6 {[%clk 0:08:57]} Bc6
{[%clk 0:01:01]} 36. h5 {[%clk 0:08:59]} Rg8 {[%clk 0:00:54]} 37. Rh7+
{[%clk 0:08:38]} Ke8 {[%clk 0:01:03]} 38. g3 {[%clk 0:08:47]} Bxa4
{[%clk 0:01:03]} 39. Ra7 {[%clk 0:08:25]} 1-0

[Event "Team Championship of Russia (rapid)"]
[Site "Sochi"]
[Date "2015.05.09"]
[Round "8.17"]
[White "Alekseev, Evgeny"]
[Black "Panarin, Mikhail"]
[Result "1/2-1/2"]
[LiveChessVersion "1.4.4"]
[BlackElo "2642"]
[WhiteElo "2801"]
[WhiteTeam "University"]

1. e4 {[%clk 0:15:19]} e5 {[%clk 0:15:18]} 2. Nf3 {[%clk 0:15:27]} Nc6
{[%clk 0:15:27]} 3. Bb5 {[%clk 0:15:35]} Nge7 {[%clk 0:15:35]} 4. O-O
{[%clk 0:14:53]} g6 {[%clk 0:15:43]} 5. c3 {[%clk 0:14:50]} a6 {[%clk 0:15:51]}
6. Ba4 {[%clk 0:14:46]} Bg7 {[%clk 0:15:59]} 7. d4 {[%clk 0:13:59]} exd4
{[%clk 0:16:07]} 8. cxd4 {[%clk 0:14:07]} b5 {[%clk 0:16:11]} 9. Bc2
{[%clk 0:13:57]} d5 {[%clk 0:16:19]} 10. exd5 {[%clk 0:14:02]} Nb4
{[%clk 0:16:28]} 11. Bb3 {[%clk 0:13:24]} Nbxd5 {[%clk 0:16:36]} 12. Nc3
{[%clk 0:12:54]} O-O {[%clk 0:16:41]} 13. Re1 {[%clk 0:11:46]} Nf6
{[%clk 0:15:13]} 14. Ne5 {[%clk 0:10:32]} Bb7 {[%clk 0:15:00]} 15. Bg5
{[%clk 0:10:30]} Nf5 {[%clk 0:15:09]} 16. Ne4 {[%clk 0:09:29]} Bxe4
{[%clk 0:08:48]} 17. Rxe4 {[%clk 0:09:37]} Qd6 {[%clk 0:08:57]} 18. Bxf6
{[%clk 0:04:22]} 1/2-1/2

[Event "Team Championship of Russia (rapid)"]
[Site "Sochi"]
[Date "2015.05.09"]
[Round "8.18"]
[White "Bryzgalin, Kirill"]
[Black "Aleksandrov, Aleksej"]
[Result "0-1"]
[LiveChessVersion "1.4.4"]
[BlackElo "2685"]
[WhiteElo "2588"]

1. c4 {[%clk 0:15:18]} e6 {[%clk 0:15:19]} 2. g3 {[%clk 0:15:17]} d5
{[%clk 0:15:27]} 3. cxd5 {[%clk 0:15:25]} exd5 {[%clk 0:15:35]} 4. Bg2
{[%clk 0:15:34]} Nf6 {[%clk 0:15:33]} 5. Nf3 {[%clk 0:15:39]} Bd6
{[%clk 0:15:35]} 6. O-O {[%clk 0:15:45]} O-O {[%clk 0:15:42]} 7. d3
{[%clk 0:15:54]} Re8 {[%clk 0:15:49]} 8. Qc2 {[%clk 0:15:55]} h6 {[%clk 0:15:46]}
9. Nc3 {[%clk 0:15:58]} Nc6 {[%clk 0:15:39]} 10. a3 {[%clk 0:16:00]} Bg4
{[%clk 0:15:42]} 11. Nb5 {[%clk 0:15:25]} Bf8 {[%clk 0:15:34]} 12. Bf4
{[%clk 0:15:26]} Rc8 {[%clk 0:15:41]} 13. Rfe1 {[%clk 0:13:49]} Bxf3
{[%clk 0:15:23]} 14. exf3 {[%clk 0:13:56]} a6 {[%clk 0:14:51]} 15. Nc3
{[%clk 0:13:37]} Qd7 {[%clk 0:14:52]} 16. Qb3 {[%clk 0:13:02]} b5
{[%clk 0:14:07]} 17. Rxe8 {[%clk 0:11:47]} Rxe8 {[%clk 0:14:15]} 18. Qd1
{[%clk 0:11:53]} Nd4 {[%clk 0:14:15]} 19. Bd2 {[%clk 0:08:59]} a5
{[%clk 0:13:11]} 20. Na2 {[%clk 0:06:43]} a4 {[%clk 0:13:08]} 21. Nc1
{[%clk 0:06:38]} c5 {[%clk 0:13:02]} 22. Bc3 {[%clk 0:06:46]} Qe6
{[%clk 0:12:45]} 23. Bxd4 {[%clk 0:06:40]} Qe1+ {[%clk 0:12:45]} 24. Qxe1
{[%clk 0:06:48]} Rxe1+ {[%clk 0:12:54]} 25. Bf1 {[%clk 0:06:57]} cxd4
{[%clk 0:13:02]} 26. Nb3 {[%clk 0:05:55]} Rxf1+ {[%clk 0:13:09]} 27. Kxf1
{[%clk 0:06:05]} axb3 {[%clk 0:13:17]} 28. a4 {[%clk 0:06:14]} bxa4
{[%clk 0:13:24]} 29. Rxa4 {[%clk 0:06:22]} Nd7 {[%clk 0:13:32]} 30. Ke2
{[%clk 0:05:54]} f5 {[%clk 0:13:12]} 31. Kd2 {[%clk 0:05:31]} g5 {[%clk 0:11:46]}
32. h3 {[%clk 0:04:19]} Kf7 {[%clk 0:11:28]} 33. Ra6 {[%clk 0:04:07]} h5
{[%clk 0:11:06]} 34. Ke2 {[%clk 0:04:01]} Bc5 {[%clk 0:10:30]} 35. Rc6
{[%clk 0:03:47]} Ke7 {[%clk 0:10:22]} 36. Kd1 {[%clk 0:03:46]} Bd6
{[%clk 0:10:26]} 37. Ra6 {[%clk 0:03:42]} Nc5 {[%clk 0:08:01]} 38. Ra7+
{[%clk 0:03:41]} Kd8 {[%clk 0:08:10]} 39. Kd2 {[%clk 0:03:42]} Bc7
{[%clk 0:08:17]} 40. Ke2 {[%clk 0:01:12]} Kd7 {[%clk 0:08:20]} 41. g4
{[%clk 0:01:03]} fxg4 {[%clk 0:08:27]} 42. fxg4 {[%clk 0:01:12]} hxg4
{[%clk 0:08:09]} 43. hxg4 {[%clk 0:01:21]} Kc6 {[%clk 0:08:17]} 44. f3
{[%clk 0:00:53]} Bf4 {[%clk 0:08:16]} 0-1

[Event "Team Championship of Russia (rapid)"]
[Site "Sochi"]
[Date "2015.05.09"]
[Round "8.19"]
[White "Tregubov, Pavel V."]
[Black "Lugovskoy, Maxim"]
[Result "0-1"]
[LiveChessVersion "1.4.4"]
[BlackElo "2445"]
[WhiteElo "2671"]
[WhiteTeam "University"]

1. d4 {[%clk 0:15:19]} d5 {[%clk 0:15:19]} 2. c4 {[%clk 0:15:27]} e6
{[%clk 0:15:28]} 3. Nf3 {[%clk 0:15:36]} Nf6 {[%clk 0:15:36]} 4. Nc3
{[%clk 0:15:45]} Be7 {[%clk 0:15:45]} 5. cxd5 {[%clk 0:15:44]} exd5
{[%clk 0:15:52]} 6. Qc2 {[%clk 0:15:52]} c6 {[%clk 0:15:46]} 7. Bf4
{[%clk 0:15:59]} Nbd7 {[%clk 0:15:46]} 8. h3 {[%clk 0:16:05]} O-O
{[%clk 0:15:47]} 9. e3 {[%clk 0:16:14]} Re8 {[%clk 0:15:56]} 10. Bd3
{[%clk 0:16:22]} Nf8 {[%clk 0:15:44]} 11. O-O {[%clk 0:16:30]} Ng6
{[%clk 0:15:19]} 12. Ne5 {[%clk 0:15:15]} Bd6 {[%clk 0:15:06]} 13. Nxg6
{[%clk 0:14:19]} hxg6 {[%clk 0:15:14]} 14. Bg5 {[%clk 0:13:55]} Be6
{[%clk 0:14:32]} 15. Na4 {[%clk 0:12:19]} Qc8 {[%clk 0:14:16]} 16. Bxf6
{[%clk 0:11:42]} gxf6 {[%clk 0:14:15]} 17. Bxg6 {[%clk 0:09:30]} Kg7
{[%clk 0:10:25]} 18. Bd3 {[%clk 0:09:17]} Bxh3 {[%clk 0:10:32]} 19. f4
{[%clk 0:03:18]} Rxe3 {[%clk 0:10:16]} 20. Rf2 {[%clk 0:03:26]} Bg4
{[%clk 0:08:56]} 21. Qd2 {[%clk 0:02:38]} Qe8 {[%clk 0:08:54]} 22. Nc3
{[%clk 0:02:38]} Qe7 {[%clk 0:08:45]} 23. Be2 {[%clk 0:00:52]} Bxe2
{[%clk 0:05:40]} 24. Nxe2 {[%clk 0:01:01]} f5 {[%clk 0:05:50]} 25. Nc3
{[%clk 0:00:24]} Rh8 {[%clk 0:05:58]} 26. Rff1 {[%clk 0:00:22]} Rg3
{[%clk 0:05:33]} 27. Rae1 {[%clk 0:00:14]} Qh4 {[%clk 0:05:40]} 28. Re2
{[%clk 0:00:23]} Kf6 {[%clk 0:04:48]} 29. Nd1 {[%clk 0:00:30]} Qh2+
{[%clk 0:04:07]} 30. Kf2 {[%clk 0:00:40]} Bxf4 {[%clk 0:04:16]} 31. Qc2
{[%clk 0:00:17]} Rxg2+ {[%clk 0:02:46]} 32. Ke1 {[%clk 0:00:26]} Rxe2+
{[%clk 0:02:36]} 33. Qxe2 {[%clk 0:00:35]} Re8 {[%clk 0:02:45]} 0-1

[Event "Team Championship of Russia (rapid)"]
[Site "Sochi"]
[Date "2015.05.09"]
[Round "8.20"]
[White "Oganian, Miran"]
[Black "Cherniaev, Alexander"]
[Result "0-1"]
[LiveChessVersion "1.4.4"]
[BlackElo "2656"]
[WhiteElo "2433"]
[BlackTeam "University"]

1. d4 {[%clk 0:15:18]} Nf6 {[%clk 0:15:18]} 2. c4 {[%clk 0:15:25]} d6
{[%clk 0:15:27]} 3. Nf3 {[%clk 0:15:31]} g6 {[%clk 0:15:36]} 4. Nc3
{[%clk 0:15:40]} Bf5 {[%clk 0:15:45]} 5. d5 {[%clk 0:15:49]} Bg7 {[%clk 0:15:33]}
6. Nd4 {[%clk 0:15:57]} Bd7 {[%clk 0:15:42]} 7. e4 {[%clk 0:16:06]} e5
{[%clk 0:15:50]} 8. Nc2 {[%clk 0:12:55]} a5 {[%clk 0:15:51]} 9. b3
{[%clk 0:12:29]} Na6 {[%clk 0:15:58]} 10. Be2 {[%clk 0:12:37]} Nc5
{[%clk 0:16:04]} 11. f3 {[%clk 0:11:48]} h5 {[%clk 0:15:19]} 12. O-O
{[%clk 0:10:44]} Nh7 {[%clk 0:14:01]} 13. Be3 {[%clk 0:10:25]} O-O
{[%clk 0:13:47]} 14. Qd2 {[%clk 0:10:19]} b6 {[%clk 0:13:48]} 15. Rab1
{[%clk 0:10:22]} Kh8 {[%clk 0:12:18]} 16. a3 {[%clk 0:10:18]} a4 {[%clk 0:12:19]}
17. b4 {[%clk 0:10:04]} Nb3 {[%clk 0:12:28]} 18. Qd3 {[%clk 0:09:27]} f5
{[%clk 0:12:34]} 19. Na1 {[%clk 0:08:52]} Nd4 {[%clk 0:11:14]} 20. Nc2
{[%clk 0:06:52]} Nxe2+ {[%clk 0:09:55]} 21. Qxe2 {[%clk 0:06:56]} f4
{[%clk 0:09:09]} 22. Bf2 {[%clk 0:07:04]} g5 {[%clk 0:09:18]} 23. Kh1
{[%clk 0:06:29]} g4 {[%clk 0:09:27]} 24. c5 {[%clk 0:05:14]} Rg8 {[%clk 0:09:06]}
25. cxd6 {[%clk 0:03:18]} cxd6 {[%clk 0:09:14]} 26. b5 {[%clk 0:03:19]} Bf8
{[%clk 0:09:04]} 27. Nb4 {[%clk 0:03:00]} h4 {[%clk 0:06:02]} 28. Nc6
{[%clk 0:02:55]} Qg5 {[%clk 0:06:09]} 29. Bxb6 {[%clk 0:02:29]} g3
{[%clk 0:05:10]} 30. h3 {[%clk 0:01:02]} Bxh3 {[%clk 0:05:17]} 31. gxh3
{[%clk 0:01:12]} g2+ {[%clk 0:05:25]} 32. Kg1 {[%clk 0:01:21]} gxf1=Q+
{[%clk 0:05:13]} 33. Kxf1 {[%clk 0:01:30]} Qg3 {[%clk 0:04:42]} 34. Bf2
{[%clk 0:01:38]} Qxh3+ {[%clk 0:04:51]} 35. Ke1 {[%clk 0:01:47]} Ng5
{[%clk 0:04:59]} 36. b6 {[%clk 0:01:24]} Qg2 {[%clk 0:01:28]} 37. b7
{[%clk 0:00:50]} Re8 {[%clk 0:01:37]} 38. b8=Q {[%clk 0:00:22]} Rxb8
{[%clk 0:01:46]} 39. Nxb8 {[%clk 0:00:27]} h3 {[%clk 0:01:54]} 40. Kd2
{[%clk 0:00:20]} h2 {[%clk 0:01:43]} 41. Nd7 {[%clk 0:00:12]} h1=Q
{[%clk 0:01:41]} 42. Rxh1+ {[%clk 0:00:18]} Qxh1 {[%clk 0:01:51]} 43. Nf6
{[%clk 0:00:26]} Nxf3+ {[%clk 0:01:49]} 44. Kd3 {[%clk 0:00:19]} Rg6
{[%clk 0:01:48]} 45. Nd7 {[%clk 0:00:26]} Bh6 {[%clk 0:01:34]} 46. Nxa4
{[%clk 0:00:16]} Ng5 {[%clk 0:01:16]} 47. Ndb6 {[%clk 0:00:12]} Qb1+
{[%clk 0:01:21]} 48. Qc2 {[%clk 0:00:12]} Qxc2+ {[%clk 0:01:22]} 49. Kxc2
{[%clk 0:00:21]} Nxe4 {[%clk 0:01:31]} 50. Bh4 {[%clk 0:00:28]} Rg4
{[%clk 0:01:29]} 51. Kd3 {[%clk 0:00:34]} Ng3 {[%clk 0:01:14]} 52. Bf6+
{[%clk 0:00:39]} Kh7 {[%clk 0:01:21]} 53. Nc3 {[%clk 0:00:34]} Kg6
{[%clk 0:01:30]} 54. Bd8 {[%clk 0:00:19]} Kf5 {[%clk 0:01:38]} 55. Nc4
{[%clk 0:00:24]} e4+ {[%clk 0:01:45]} 56. Kc2 {[%clk 0:00:21]} Bf8
{[%clk 0:01:47]} 57. Nb5 {[%clk 0:00:23]} Rg6 {[%clk 0:01:25]} 58. Nd4+
{[%clk 0:00:27]} Kg4 {[%clk 0:01:32]} 59. a4 {[%clk 0:00:27]} Rg8
{[%clk 0:01:20]} 60. a5 {[%clk 0:00:19]} Bh6 {[%clk 0:01:28]} 61. Bb6
{[%clk 0:00:17]} f3 {[%clk 0:01:35]} 62. Nb3 {[%clk 0:00:12]} Nf5
{[%clk 0:01:43]} 63. Nbd2 {[%clk 0:00:14]} e3 {[%clk 0:01:50]} 64. Ne4
{[%clk 0:00:20]} Rc8 {[%clk 0:01:52]} 65. Kd3 {[%clk 0:00:22]} f2
{[%clk 0:01:59]} 66. Nxf2+ {[%clk 0:00:27]} exf2 {[%clk 0:02:07]} 67. Bxf2
{[%clk 0:00:37]} Ne7 {[%clk 0:01:42]} 68. Nb6 {[%clk 0:00:27]} Rc1
{[%clk 0:01:47]} 69. Bd4 {[%clk 0:00:33]} Nc8 {[%clk 0:00:41]} 70. Nc4
{[%clk 0:00:17]} Bf4 {[%clk 0:00:42]} 71. a6 {[%clk 0:00:15]} Kf3
{[%clk 0:00:50]} 72. Na5 {[%clk 0:00:13]} Rd1+ {[%clk 0:00:55]} 73. Kc4
{[%clk 0:00:21]} Ke4 {[%clk 0:01:03]} 74. Nb3 {[%clk 0:00:13]} Rh1
{[%clk 0:00:57]} 75. Bf2 {[%clk 0:00:13]} Rh7 {[%clk 0:01:02]} 76. Na5
{[%clk 0:00:12]} Rh2 {[%clk 0:01:02]} 77. a7 {[%clk 0:00:17]} Nxa7
{[%clk 0:01:10]} 78. Bxa7 {[%clk 0:00:26]} Rc2+ {[%clk 0:01:18]} 79. Kb3
{[%clk 0:00:35]} Rc1 {[%clk 0:01:22]} 80. Kb2 {[%clk 0:00:21]} Kxd5
{[%clk 0:01:22]} 81. Nb3 {[%clk 0:00:30]} Rh1 {[%clk 0:01:29]} 82. Kc3
{[%clk 0:00:32]} Be5+ {[%clk 0:01:38]} 83. Kd3 {[%clk 0:00:29]} Rh3+
{[%clk 0:01:46]} 84. Kc2 {[%clk 0:00:36]} Kc4 {[%clk 0:01:43]} 85. Nd2+
{[%clk 0:00:44]} Kb4 {[%clk 0:01:52]} 86. Ne4 {[%clk 0:00:48]} d5
{[%clk 0:01:57]} 87. Ng5 {[%clk 0:00:53]} Rg3 {[%clk 0:01:56]} 88. Ne6
{[%clk 0:00:56]} Kc4 {[%clk 0:02:04]} 89. Nd8 {[%clk 0:00:45]} Rg2+
{[%clk 0:02:12]} 90. Kd1 {[%clk 0:00:54]} Bc3 {[%clk 0:02:11]} 91. Nc6
{[%clk 0:00:56]} Kd3 {[%clk 0:02:15]} 92. Ne5+ {[%clk 0:00:13]} Bxe5
{[%clk 0:02:19]} 0-1